000 00878nam a2200253 a 4500
001 BRL_476
005 20190320210747.0
008 190813s1948----gt-ab#####---#000-0#spa-#
041 _aspa
044 _agt
050 4 _aF1465
_b.G85 1948
245 1 0 _aGuía del Museo Nacional de Arqueología y Etnología.
260 _aGuatemala
_bMinisterio de Educación Pública
_c[1948]
300 _a20 p.
_bil., 8 láminas, mapas
_c26 cm.
440 0 _aPublicaciones del Instituto de Antropología
_924030
500 _aEstado físico: una hoja suelta
500 _aAu472
610 2 4 _aMuseo Nacional de Arqueología y Etnología (Guatemala)
_vGuías
_924031
650 1 4 _aMuseos
_vGuías
_zGuatemala
_924032
650 1 4 _aIndígenas de América Central
_vGuías
_xAntigüedades
_zGuatemala
_924033
650 1 4 _aMayas
_vGuías
_xAntigüedades
_924034
902 _aGRL
942 _2lcc
_cB
999 _c9288
_d9288